Constitucion y modernidad : principios jurídicos de Brasil y España /

Detalles Bibliográficos
Otros Autores: Navarro, Raphael Mendes de Almeida Scherer (Editor)
Formato: Electrónico eBook
Lenguaje:español
Publicado: Santiago, Chile : Ediciones Olejnik, [2024]
Colección:Biblioteca de derecho constitucional (Ediciones Olejnik)
Materias:
Acceso en línea:Digitalia Hispánica

MARC

LEADER 00000nam a2200000Ii 4500
001 DIGOLEJNK1564
003 NyNyDIG
006 m o d
007 cr |||||||||||
008 251203s2024 cl ob 000 0 spa d
035 |a (OCoLC)1560009599 
040 |a DGITA  |b eng  |e rda  |e pn  |c DGITA 
020 |z 9789564075761 
043 |a s-bl---  |a e-sp--- 
050 1 4 |a KHD2921 ebook 
050 1 4 |a KKT2070 ebook 
245 0 0 |a Constitucion y modernidad :  |b principios jurídicos de Brasil y España /  |c Raphael Mendes de Almeida Scherer Navarro (director) 
264 1 |a Santiago, Chile :  |b Ediciones Olejnik,  |c [2024] 
300 |a 1 online resource. 
336 |a text  |b txt  |2 rdacontent 
337 |a computer  |b c  |2 rdamedia 
338 |a online resource  |b cr  |2 rdacarrier 
347 |a text file  |2 rdaft 
347 |b PDF 
490 1 |a Biblioteca de derecho constitucional 
504 |a Includes bibliographical references. 
588 0 |a Online resource; title from PDF title page (Digitalia, viewed December 3, 2025) 
650 0 |a Constitutional law  |z Brazil. 
650 0 |a Constitutional law  |z Spain. 
700 1 |a Navarro, Raphael Mendes de Almeida Scherer,  |e editor. 
791 2 |a Digitalia (Firm),  |e distributor. 
793 0 |g Digitalia eBook Collection:  |a Ediciones Olejnik 
776 0 8 |i Print version:  |t Constitucion y modernidad.  |b Primera edición en Ediciones Olejnik.  |d Santiago, Chile : Ediciones Olejnik, 2024  |z 9789564075761 
830 0 |a Biblioteca de derecho constitucional (Ediciones Olejnik) 
856 4 0 |3 Digitalia Hispánica  |u https://www.digitaliapublishing.com/a/178940/ 
910 |a Premium collection: 2025